000 01729nam0a2200349 4500
001 RU\NLR\BIBL_A\011805605
005 20181005141854.0
010 _a978-5-00127-023-2
_95000
021 _aRU
_bКН-П-18-063025
_9КН-П-18-4537
035 _a(NLR Aleph) 011805605
035 _a(RuMoRGB)009724614
090 _a11889953
_c11889953
100 _a20180928d2018 u y0rusy50 ca
101 0 _arus
102 _aRU
105 _aac||z|||000zb
200 1 _aОн от нас не ушел
_eвоспоминания о духовном отце - приснопамятном архимандрите Науме (Байбородине)
_fИгумения Анатолия (Баршай)
210 _aМосква
_cСибирская Благозвонница
_d2018
215 _a333, [2] с., [12] л. цв. ил., портр.
_cил., портр.
_d20
300 _aНа обл. авт. не указан
320 _aБиблиогр. в примеч.: с. 331-333
333 _a12+
600 0 _aНаум
_cБайбородин, Николай Александрович
_cархимандрит
_f1927 - 2017
_jВоспоминания, записки и т.п
_2nlr_sh2
_3RU\NLR\AUTH\6601641963
686 2 _aЭ372.24-374-028,13
700 0 _aАнатолия
_cБаршай, Татьяна Витальевна
_cигумения
_3RU\NLR\AUTH\770159068
702 0 _aНаум
_cБайбородин, Николай Александрович
_cархимандрит
_f1927-2017
_3RU\NLR\AUTH\770186872
_4570
942 _cBOOK
980 _aNBR
980 _aNB